[Event "Quebec op U2000"]
[Site "Longueuil CAN"]
[Date "2019.07.24"]
[Round "6.9"]
[White "Baran, Marius"]
[Black "Morin-Pare, Victor"]
[Result "1/2-1/2"]
[WhiteElo "1648"]
[BlackElo "1904"]
[PlyCount "85"]
[EventDate "2019.07.20"]
[EventType "swiss"]
[EventRounds "9"]
[EventCountry "CAN"]

1. e4 c6 2. Nc3 d5 3. Nf3 dxe4 4. Nxe4 Bf5 5. Ng3 Bg6 6. h4 h6 7. Ne5 Bh7 8.
Qh5 g6 9. Bc4 e6 10. Qe2 Qe7 11. d4 Bg7 12. Bd3 Nf6 13. Bd2 Nbd7 14. h5 g5 15.
Bxh7 Nxh7 16. O-O O-O 17. c4 c5 18. Bc3 cxd4 19. Bxd4 Rfc8 20. b3 Qd6 21. Nxf7
Kxf7 22. Bxg7 Kxg7 23. Rad1 Qc6 24. Nf5+ Kf8 25. Rd6 exf5 26. Qe6 Qe4 27. Qxd7
Qe7 28. Qxf5+ Qf7 29. Qd3 Nf6 30. Qd4 Kg7 31. Rd1 Re8 32. Qc3 Re7 33. c5 Rae8
34. b4 Re6 35. g4 Qe7 36. Rd7 Re1+ 37. Kg2 Rxd1 38. Rxe7+ Rxe7 39. Qc2 Re4 40.
Qxd1 Rxg4+ 41. Kf3 Rxb4 42. Qd3 Rf4+ 43. Ke2 1/2-1/2

[Event "Quebec op U2000"]
[Site "Longueuil CAN"]
[Date "2019.07.24"]
[Round "6.10"]
[White "Desmarais, Serge"]
[Black "Lin, Leo"]
[Result "1/2-1/2"]
[WhiteElo "1650"]
[BlackElo "1660"]
[PlyCount "119"]
[EventDate "2019.07.20"]
[EventType "swiss"]
[EventRounds "9"]
[EventCountry "CAN"]

1. c4 Nf6 2. Nc3 c6 3. g3 d5 4. cxd5 cxd5 5. Bg2 Bf5 6. Qb3 e6 7. Qxb7 Nbd7 8.
Nf3 Bc5 9. d4 Rb8 10. Qa6 Bb6 11. Qa3 Be4 12. e3 e5 13. Nxe4 dxe4 14. Nxe5 Nxe5
15. dxe5 Ba5+ 16. Ke2 Bb4 17. Qa4+ Kf8 18. Rd1 Qc7 19. Kf1 Ng4 20. Bxe4 Qxe5
21. Rd4 Bc5 22. Rd5 Qe7 23. Bg2 Nf6 24. Rd3 g6 25. b3 Rb4 26. Qc6 Qe5 27. Rb1
Qf5 28. Ke2 Ng4 29. Qf3 Qxd3+ 30. Kxd3 Ne5+ 31. Ke2 Nxf3 32. Bxf3 Ke7 33. Bd2
Rb6 34. b4 Rhb8 35. a3 Bd6 36. Rc1 Ra6 37. Rc3 Be5 38. Rb3 Rd6 39. b5 Rdb6 40.
Bb4+ Bd6 41. Bc6 Bxb4 42. Rxb4 f5 43. Ra4 a6 44. Rxa6 Ke6 45. a4 Kd6 46. Rxb6
Rxb6 47. a5 Kc7 48. axb6+ Kxb6 49. f3 Kc5 50. Kd3 h6 51. e4 fxe4+ 52. fxe4 Kd6
53. Kd4 g5 54. e5+ Kc7 55. Kd5 h5 56. e6 Kd8 57. b6 h4 58. Kd6 hxg3 59. hxg3 g4
60. b7 1/2-1/2

[Event "Quebec op U2000"]
[Site "Longueuil CAN"]
[Date "2019.07.24"]
[Round "6.11"]
[White "Blanchet, Robert"]
[Black "Gauthier, Denis"]
[Result "1/2-1/2"]
[WhiteElo "1863"]
[BlackElo "1792"]
[PlyCount "68"]
[EventDate "2019.07.20"]
[EventType "swiss"]
[EventRounds "9"]
[EventCountry "CAN"]

1. e4 c5 2. Nf3 Nc6 3. d4 cxd4 4. Nxd4 e6 5. Nxc6 bxc6 6. Qd4 d5 7. exd5 cxd5
8. Nc3 Nf6 9. Bf4 Bd7 10. Bd3 Be7 11. Be5 O-O 12. O-O Qb6 13. Qh4 Qb4 14. Qh3
h6 15. Bxf6 Bxf6 16. Nxd5 exd5 17. Qxd7 Qxb2 18. Rab1 Qd4 19. Rbd1 Qe5 20. Rfe1
Rfd8 21. Qb5 Qg5 22. Qb7 a5 23. Rb1 Re8 24. Rxe8+ Rxe8 25. Qd7 Rd8 26. Qc7 Qd2
27. g3 Re8 28. Rb8 Qe1+ 29. Kg2 g6 30. Rxe8+ Qxe8 31. Qxa5 Qc6 32. a4 Bd4 33.
Qb4 Qf6 34. Qe1 Kg7 1/2-1/2

[Event "Quebec op U2000"]
[Site "Longueuil CAN"]
[Date "2019.07.24"]
[Round "6.13"]
[White "Duplessis, Claude"]
[Black "Cloutier, Eric"]
[Result "0-1"]
[WhiteElo "1571"]
[BlackElo "1483"]
[PlyCount "46"]
[EventDate "2019.07.20"]
[EventType "swiss"]
[EventRounds "9"]
[EventCountry "CAN"]

1. e4 c6 2. d4 d5 3. e5 Bf5 4. Nf3 e6 5. Be2 Nd7 6. Nbd2 Bg6 7. Nb3 Nh6 8. O-O
Nf5 9. g4 Nh4 10. Bg5 Nxf3+ 11. Bxf3 Qxg5 12. Kg2 h5 13. h3 hxg4 14. Bxg4 Bf5
15. f3 Be7 16. Nc1 f6 17. Nd3 Bxd3 18. Qxd3 f5 19. f4 Qh6 20. Be2 g5 21. Rf3
O-O-O 22. Rf2 g4 23. hxg4 fxg4 0-1

[Event "Quebec op U2000"]
[Site "Longueuil CAN"]
[Date "2019.07.24"]
[Round "6.14"]
[White "Lambert, Pierre"]
[Black "Chevalier, Francois"]
[Result "0-1"]
[WhiteElo "1728"]
[BlackElo "1768"]
[PlyCount "54"]
[EventDate "2019.07.20"]
[EventType "swiss"]
[EventRounds "9"]
[EventCountry "CAN"]

1. e4 c6 2. d4 d5 3. Nc3 dxe4 4. Nxe4 Bf5 5. Ng3 Bg6 6. h4 h6 7. h5 Bh7 8. Bd3
Bxd3 9. Qxd3 e6 10. Nf3 Nf6 11. Bd2 Nbd7 12. O-O-O Be7 13. Rde1 O-O 14. Ne4
Nxe4 15. Rxe4 Nf6 16. Re2 c5 17. Rh3 cxd4 18. Qxd4 Qxd4 19. Nxd4 Rfd8 20. Nb5
a6 21. Nc3 Rac8 22. f3 Rc5 23. g4 Rdc8 24. Be3 Rc4 25. a3 Bxa3 26. bxa3 Rxc3
27. Kb2 Nd5 0-1

[Event "Quebec op U2000"]
[Site "Longueuil CAN"]
[Date "2019.07.24"]
[Round "6.15"]
[White "Couture, Alain"]
[Black "Laroche, Hugo"]
[Result "0-1"]
[WhiteElo "1810"]
[BlackElo "1665"]
[PlyCount "72"]
[EventDate "2019.07.20"]
[EventType "swiss"]
[EventRounds "9"]
[EventCountry "CAN"]

1. b3 e5 2. Bb2 Nc6 3. e3 Nf6 4. Bb5 d6 5. d4 exd4 6. Qxd4 Bd7 7. Bxc6 Bxc6 8.
Nf3 Be7 9. Nc3 Qd7 10. h3 b6 11. O-O-O O-O 12. e4 Qe6 13. Rhe1 Qd7 14. g4 Rfd8
15. Rg1 Ne8 16. g5 Qxh3 17. Rg3 Qe6 18. Re1 Bb7 19. Rh1 d5 20. e5 Qf5 21. Nd1
c5 22. Qd2 d4 23. Nh4 Qe6 24. Re1 Nc7 25. f4 g6 26. Nf2 Nd5 27. Ng4 Rac8 28.
Qh2 Nxf4 29. Nf3 d3 30. Nf6+ Bxf6 31. exf6 d2+ 32. Kb1 dxe1=Q+ 33. Nxe1 Qxe1+
34. Bc1 Rd1 35. Qh6 Rxc1+ 36. Kb2 Rb1+ 0-1

[Event "Quebec op U2000"]
[Site "Longueuil CAN"]
[Date "2019.07.24"]
[Round "6.16"]
[White "Jiang, Barron Jiyu"]
[Black "Bilodeau-Savaria, Carl-William"]
[Result "1-0"]
[WhiteElo "1588"]
[BlackElo "1392"]
[PlyCount "59"]
[EventDate "2019.07.20"]
[EventType "swiss"]
[EventRounds "9"]
[EventCountry "CAN"]

1. e4 c5 2. Nf3 e6 3. d4 cxd4 4. Nxd4 Nc6 5. Nc3 Nf6 6. a3 Be7 7. Be3 a6 8. Be2
Qc7 9. O-O d5 10. exd5 exd5 11. Bf3 Nxd4 12. Qxd4 Be6 13. h3 O-O 14. Rfd1 Rfd8
15. Rac1 Rac8 16. Ne2 Rd7 17. Nf4 Bc5 18. Qxc5 Qxc5 19. Bxc5 Rxc5 20. Nxe6 fxe6
21. c3 e5 22. Be2 b5 23. a4 bxa4 24. Ra1 Rb7 25. Rd2 Ne4 26. Rc2 d4 27. Bf3
dxc3 28. bxc3 Rc4 29. Re1 Nc5 30. Bd5+ 1-0

[Event "Quebec op U2000"]
[Site "Longueuil CAN"]
[Date "2019.07.25"]
[Round "7.1"]
[White "Zhang, Chu Hang"]
[Black "Mangahas, Ronald"]
[Result "0-1"]
[WhiteElo "1806"]
[BlackElo "1670"]
[PlyCount "50"]
[EventDate "2019.07.20"]
[EventType "swiss"]
[EventRounds "9"]
[EventCountry "CAN"]

1. e4 c5 2. Ne2 d6 3. Nbc3 Nf6 4. g3 e6 5. Bg2 Be7 6. O-O O-O 7. h3 Nc6 8. d4
cxd4 9. Nxd4 a6 10. Be3 Qc7 11. f4 Na5 12. Bf2 Bd7 13. Qd3 Rac8 14. Rfc1 Nc4
15. Nd1 e5 16. Nf5 Bb5 17. Nxe7+ Qxe7 18. b3 Nb2 19. Qd2 Nxd1 20. Rxd1 exf4 21.
Qxf4 Rxc2 22. Rxd6 Nh5 23. Qf5 Qxd6 24. Qxh5 Rxf2 25. Rd1 Qxg3 0-1

[Event "Quebec op U2000"]
[Site "Longueuil CAN"]
[Date "2019.07.25"]
[Round "7.2"]
[White "Wu, Tony (Dongze)"]
[Black "Gueorguiev, Valentin"]
[Result "1-0"]
[WhiteElo "1858"]
[BlackElo "1945"]
[PlyCount "101"]
[EventDate "2019.07.20"]
[EventType "swiss"]
[EventRounds "9"]
[EventCountry "CAN"]

1. d4 g6 2. Nf3 Bg7 3. g3 Nf6 4. Bg2 c5 5. O-O cxd4 6. Nxd4 O-O 7. c4 Nc6 8.
Nc3 Ng4 9. e3 Nge5 10. b3 Nxd4 11. exd4 Nc6 12. Be3 d6 13. Rc1 h6 14. Qd2 Kh7
15. Nb5 a6 16. Nc3 Qa5 17. Rfe1 e5 18. dxe5 dxe5 19. Nd5 Qxd2 20. Bxd2 Bf5 21.
Be3 Rab8 22. Bb6 h5 23. Bc7 Rbc8 24. Bd6 Rfd8 25. c5 Re8 26. Nc7 Red8 27. Bxc6
bxc6 28. Nxa6 e4 29. a4 Rd7 30. Rc4 Rb7 31. b4 Ra8 32. b5 Rxa6 33. bxa6 Ra7 34.
a5 Rxa6 35. Bc7 Bh6 36. Rexe4 Bxe4 37. Rxe4 Bf8 38. Bb6 Kg7 39. Re8 Bxc5 40.
Bxc5 Rxa5 41. Bd4+ f6 42. Re7+ Kf8 43. Rc7 Ra4 44. Bxf6 Rc4 45. h4 Ke8 46. Kg2
Rc2 47. Bd4 Rc4 48. Be3 Kf8 49. Kf1 Ke8 50. Ke2 Kd8 51. Rg7 1-0

[Event "Quebec op U2000"]
[Site "Longueuil CAN"]
[Date "2019.07.25"]
[Round "7.3"]
[White "Strasser, Rouben"]
[Black "Robillard, Jean-Philippe"]
[Result "0-1"]
[WhiteElo "1806"]
[BlackElo "1617"]
[PlyCount "66"]
[EventDate "2019.07.20"]
[EventType "swiss"]
[EventRounds "9"]
[EventCountry "CAN"]

1. e4 e6 2. d4 d5 3. exd5 exd5 4. Nf3 Nf6 5. Bg5 Be7 6. Bd3 O-O 7. O-O Bg4 8.
Nbd2 Nbd7 9. c3 Re8 10. Qc2 Bh5 11. Rae1 Bg6 12. Ne5 Bxd3 13. Qxd3 a6 14. f4 c5
15. Ndf3 c4 16. Qc2 Rc8 17. Nh4 Ne4 18. Bxe7 Qxe7 19. Nf5 Qe6 20. Ng3 Ndf6 21.
Rf3 b5 22. Nxe4 Nxe4 23. Kh1 f6 24. f5 Qd6 25. Ng4 Ng3+ 26. hxg3 Rxe1+ 27. Kh2
Rce8 28. Rf2 h5 29. Ne5 h4 30. Rf3 fxe5 31. f6 hxg3+ 32. Kh3 Kf7 33. Qh7 Rh1+
0-1

[Event "Quebec op U2000"]
[Site "Longueuil CAN"]
[Date "2019.07.25"]
[Round "7.4"]
[White "Weston, Paul"]
[Black "Hernandez, Juan Felipe"]
[Result "1/2-1/2"]
[WhiteElo "1912"]
[BlackElo "1454"]
[PlyCount "158"]
[EventDate "2019.07.20"]
[EventType "swiss"]
[EventRounds "9"]
[EventCountry "CAN"]

1. e4 e6 2. d3 d5 3. Nd2 c5 4. Ngf3 Nc6 5. g3 Nf6 6. Bg2 Be7 7. O-O b6 8. Re1
Ba6 9. b3 Qc7 10. Bb2 d4 11. a4 e5 12. Nc4 Bxc4 13. bxc4 Nd8 14. Bc1 Ne6 15.
Bd2 O-O 16. Qe2 Rfe8 17. Reb1 h5 18. a5 g6 19. Qe1 Bf8 20. axb6 axb6 21. Rxa8
Rxa8 22. Ra1 Rxa1 23. Qxa1 Kh7 24. Ng5+ Nxg5 25. Bxg5 Nd7 26. Qa8 Nb8 27. Qd5
Bh6 28. Bd8 Qd7 29. Qxd7 Nxd7 30. Bh3 Nb8 31. Bxb6 Na6 32. Bd7 Bf8 33. Kf1 Nb4
34. Ba4 Kg7 35. Bb3 Kf6 36. h4 Ke6 37. Ke2 Be7 38. f3 Kd6 39. Kf1 Ke6 40. Kg2
Kf6 41. f4 Ke6 42. fxe5 Kxe5 43. Bc7+ Bd6 44. Bd8 f5 45. exf5 Kxf5 46. Ba4 Ke6
47. Be8 Nxc2 48. Bxg6 Ne3+ 49. Kf3 Nf5 50. Bxf5+ Kxf5 51. Bg5 Bf8 52. Bf4 Be7
53. Bc7 Bf8 54. g4+ hxg4+ 55. Kg3 Be7 56. Bb8 Bf8 57. h5 Kg5 58. h6 Kxh6 59.
Kxg4 Kg6 60. Be5 Be7 61. Kf4 Bf8 62. Ke4 Be7 63. Bf4 Kf6 64. Kd5 Kf5 65. Bh6
Kf6 66. Bc1 Kf5 67. Bd2 Bf8 68. Bc1 Be7 69. Bh6 Kf6 70. Bf4 Kf5 71. Bg3 Kg4 72.
Bd6 Bxd6 73. Kxd6 Kf4 74. Kxc5 Ke3 75. Kd5 Kxd3 76. c5 Ke3 77. c6 d3 78. c7 d2
79. c8=Q d1=Q+ 1/2-1/2

[Event "Quebec op U2000"]
[Site "Longueuil CAN"]
[Date "2019.07.25"]
[Round "7.5"]
[White "Tsukerman, Julia"]
[Black "Steinberg, Ellis"]
[Result "0-1"]
[WhiteElo "1481"]
[BlackElo "1745"]
[PlyCount "82"]
[EventDate "2019.07.20"]
[EventType "swiss"]
[EventRounds "9"]
[EventCountry "CAN"]

1. e4 g6 2. d4 d6 3. Nc3 c6 4. Be3 Bg7 5. f3 b5 6. Bd3 Nd7 7. Qd2 b4 8. Nce2 a5
9. c3 c5 10. Nh3 Ngf6 11. O-O O-O 12. Nhf4 h5 13. Rfd1 cxd4 14. cxd4 Ba6 15.
Rac1 Bxd3 16. Qxd3 Qb8 17. a3 Qb7 18. Qb3 e6 19. axb4 Qxb4 20. Qxb4 axb4 21. d5
exd5 22. Nxd5 Nxd5 23. Rxd5 Bxb2 24. Rb1 Ra1 25. Rxa1 Bxa1 26. Rxd6 Ne5 27. Rb6
Nc4 28. Rxb4 Nxe3 29. Kf2 Nd1+ 30. Ke1 Bc3+ 31. Nxc3 Nxc3 32. Rc4 Nb5 33. Kf2
Re8 34. Kg3 Kg7 35. h3 Nd6 36. Rc6 Re6 37. Rc5 Rxe4 38. Rd5 Re6 39. Rd2 Nf5+
40. Kh2 h4 41. Rb2 Re1 0-1

[Event "Quebec op U2000"]
[Site "Longueuil CAN"]
[Date "2019.07.25"]
[Round "7.6"]
[White "De Lagrave, Sylvain"]
[Black "Goldner, John"]
[Result "1/2-1/2"]
[WhiteElo "1860"]
[BlackElo "1731"]
[PlyCount "69"]
[EventDate "2019.07.20"]
[EventType "swiss"]
[EventRounds "9"]
[EventCountry "CAN"]

1. e4 e5 2. Nf3 Nc6 3. Bb5 a6 4. Ba4 Nf6 5. O-O b5 6. Bb3 Bb7 7. d3 Bc5 8. Nc3
O-O 9. Bg5 h6 10. Bh4 Be7 11. a3 d6 12. h3 Na5 13. Ba2 c5 14. Nd2 Nc6 15. Ne2
g5 16. Bg3 Nh5 17. Bh2 Kg7 18. Ng3 Nxg3 19. fxg3 Kg6 20. h4 Qd7 21. h5+ Kg7 22.
g4 a5 23. c3 Bc8 24. Bd5 Ra6 25. Rf5 Bd8 26. Qf3 f6 27. Nf1 Ne7 28. Ne3 Qe8 29.
Rf1 Bxf5 30. Nxf5+ Nxf5 31. Qxf5 Bb6 32. Bc6 Qf7 33. Bd5 Qe8 34. Bc6 Qf7 35.
Bd5 1/2-1/2

[Event "Quebec op U2000"]
[Site "Longueuil CAN"]
[Date "2019.07.25"]
[Round "7.7"]
[White "Lin, Leo"]
[Black "Liu, Kevin"]
[Result "0-1"]
[WhiteElo "1660"]
[BlackElo "1658"]
[PlyCount "120"]
[EventDate "2019.07.20"]
[EventType "swiss"]
[EventRounds "9"]
[EventCountry "CAN"]

1. Nf3 d5 2. c4 e6 3. d4 Nf6 4. Nc3 b6 5. Bg5 Be7 6. e3 O-O 7. Bd3 Nbd7 8. O-O
Bb7 9. Qe2 c5 10. b3 Ne4 11. Bxe7 Qxe7 12. Bxe4 dxe4 13. Nd2 f5 14. f3 exf3 15.
Nxf3 Nf6 16. Ne5 Rfd8 17. Rad1 Ne4 18. Nxe4 Bxe4 19. Rd2 Rd6 20. Rfd1 Rad8 21.
dxc5 bxc5 22. g3 Qc7 23. Nd3 Qd7 24. Nxc5 Rxd2 25. Nxd7 Rxe2 26. Nf6+ gxf6 27.
Rxd8+ Kf7 28. Rd7+ Ke8 29. Rxa7 Rg2+ 30. Kf1 Rb2 31. b4 Bd3+ 32. Kg1 Bxc4 33.
Rxh7 e5 34. Rh4 e4 35. Rh5 Be6 36. Rh8+ Ke7 37. Rb8 Bd7 38. h4 Be8 39. Rb7+ Kf8
40. Rb8 Kf7 41. Rb7+ Kg6 42. Rb8 Ba4 43. Ra8 Bb5 44. a4 Ra2 45. a5 Bd3 46. Rb8
Rb2 47. Rb6 Ra2 48. Rb8 f4 49. exf4 e3 50. Re8 Ra1+ 51. Kg2 e2 52. Kf2 Rf1+ 53.
Kg2 e1=Q 54. Rxe1 Rxe1 55. f5+ Kxf5 56. h5 Kg4 57. h6 Re2+ 58. Kf1 Kxg3 59. h7
Re8+ 60. Kg1 Re1# 0-1

[Event "Quebec op U2000"]
[Site "Longueuil CAN"]
[Date "2019.07.25"]
[Round "7.8"]
[White "Cloutier, Eric"]
[Black "Baran, Marius"]
[Result "0-1"]
[WhiteElo "1483"]
[BlackElo "1648"]
[PlyCount "98"]
[EventDate "2019.07.20"]
[EventType "swiss"]
[EventRounds "9"]
[EventCountry "CAN"]

1. e4 d5 2. exd5 Nf6 3. Bb5+ Bd7 4. Bc4 Bg4 5. f3 Bc8 6. Nc3 Nbd7 7. Nge2 Nb6
8. Bb3 Nbxd5 9. Nxd5 Nxd5 10. d4 Bf5 11. O-O e6 12. Ng3 Bg6 13. a3 Be7 14. Ne4
O-O 15. Qe2 Re8 16. c4 Nf6 17. Rd1 c6 18. Bc2 Qc7 19. Bd2 e5 20. d5 Nxe4 21.
fxe4 cxd5 22. Ba4 Qb6+ 23. Kh1 Rf8 24. cxd5 Rac8 25. b4 Rfd8 26. Be3 Qc7 27.
Rac1 Qb8 28. h3 Bxe4 29. Bb3 Bg6 30. Qd2 Bd6 31. Qf2 b6 32. Rc6 f6 33. Qd2 Bf7
34. Rdc1 Rxc6 35. Rxc6 Rc8 36. Qc3 Rxc6 37. dxc6 b5 38. Bc5 Bxc5 39. Bxf7+ Kxf7
40. Qxc5 Ke8 41. c7 Qc8 42. Qxb5+ Ke7 43. Qc6 f5 44. b5 e4 45. a4 e3 46. Kg1 f4
47. a5 f3 48. b6 f2+ 49. Kf1 Qa6+ 0-1

[Event "Quebec op U2000"]
[Site "Longueuil CAN"]
[Date "2019.07.25"]
[Round "7.9"]
[White "Moran-Venegas, Mario"]
[Black "Strasser, Arevick"]
[Result "1-0"]
[WhiteElo "1631"]
[BlackElo "1588"]
[PlyCount "69"]
[EventDate "2019.07.20"]
[EventType "swiss"]
[EventRounds "9"]
[EventCountry "CAN"]

1. c4 e5 2. g3 Nc6 3. Bg2 g6 4. e4 Bg7 5. Ne2 d6 6. Nbc3 f5 7. d3 Nf6 8. O-O
O-O 9. f4 Ne7 10. Qb3 c6 11. c5+ Kh8 12. cxd6 Qxd6 13. fxe5 Qxe5 14. Bf4 Qe6
15. Qxe6 Bxe6 16. Bd6 Rf7 17. Nf4 Bc8 18. e5 Nfg8 19. d4 g5 20. Nh5 Ng6 21.
Nxg7 Kxg7 22. d5 N8e7 23. e6 Rf8 24. Bxe7 Nxe7 25. d6 Ng6 26. d7 Bxd7 27. exd7
Rad8 28. Rad1 Ne5 29. Rfe1 Kf6 30. Rd6+ Ke7 31. Rh6 Rf7 32. Rxe5+ Kxd7 33. Rhe6
f4 34. gxf4 gxf4 35. Bh3 1-0

[Event "Quebec op U2000"]
[Site "Longueuil CAN"]
[Date "2019.07.25"]
[Round "7.10"]
[White "Selling, Edward"]
[Black "Morin-Pare, Victor"]
[Result "1-0"]
[WhiteElo "1604"]
[BlackElo "1904"]
[PlyCount "67"]
[EventDate "2019.07.20"]
[EventType "swiss"]
[EventRounds "9"]
[EventCountry "CAN"]

1. d4 Nf6 2. c4 e6 3. Nc3 Bb4 4. Qc2 c5 5. e3 cxd4 6. exd4 Bxc3+ 7. bxc3 O-O 8.
Nf3 d6 9. Bd3 h6 10. O-O Re8 11. Bf4 Nc6 12. Rfe1 Nh5 13. Qd2 Nxf4 14. Qxf4 Qa5
15. Qxd6 Rd8 16. Qf4 Qxc3 17. Rad1 Nb4 18. Re3 Nxd3 19. Rexd3 Qxc4 20. Ne5 Qc7
21. Rc1 Qe7 22. Rf3 Rf8 23. Rg3 Kh7 24. h4 a5 25. Qg4 Rg8 26. Rf3 Rf8 27. Rfc3
g6 28. Rc7 Qf6 29. h5 g5 30. Ng6 Rd8 31. Qe4 Rxd4 32. Rxf7+ Qxf7 33. Qxd4 Qg7
34. Qd8 1-0

[Event "Quebec op U2000"]
[Site "Longueuil CAN"]
[Date "2019.07.25"]
[Round "7.11"]
[White "Chevalier, Francois"]
[Black "Jiang, Barron Jiyu"]
[Result "1/2-1/2"]
[WhiteElo "1768"]
[BlackElo "1588"]
[PlyCount "49"]
[EventDate "2019.07.20"]
[EventType "swiss"]
[EventRounds "9"]
[EventCountry "CAN"]

1. d4 Nf6 2. Nf3 d5 3. Bf4 c5 4. e3 Nc6 5. c3 Qb6 6. Qc1 c4 7. Nbd2 Bf5 8. b3
cxb3 9. axb3 e6 10. Be2 Be7 11. h3 h6 12. O-O O-O 13. Ne5 Nxe5 14. Bxe5 Nd7 15.
Bg3 Rfc8 16. Qb2 Bd6 17. Bxd6 Qxd6 18. c4 b6 19. Qa3 Qxa3 20. Rxa3 dxc4 21.
bxc4 a5 22. Rd1 Bc2 23. Rc1 Bg6 24. Rd1 Bc2 25. Rc1 1/2-1/2

[Event "Quebec op U2000"]
[Site "Longueuil CAN"]
[Date "2019.07.25"]
[Round "7.12"]
[White "Laroche, Hugo"]
[Black "Desmarais, Serge"]
[Result "1-0"]
[WhiteElo "1665"]
[BlackElo "1650"]
[PlyCount "193"]
[EventDate "2019.07.20"]
[EventType "swiss"]
[EventRounds "9"]
[EventCountry "CAN"]

1. d4 Nf6 2. Bf4 e6 3. Nf3 c5 4. e3 Nc6 5. c3 cxd4 6. exd4 Be7 7. Bd3 d5 8.
Nbd2 Nh5 9. Be3 f5 10. Bb5 Bd7 11. Bxc6 bxc6 12. Ne5 Nf6 13. O-O O-O 14. f3 Qc7
15. Nxd7 Qxd7 16. Bf4 Nh5 17. Be5 f4 18. Nb3 a5 19. Qd2 a4 20. Nc1 g5 21. Nd3
Rac8 22. Rfe1 Rf7 23. Re2 Rff8 24. Rae1 Rf7 25. Qc2 Ra8 26. b3 a3 27. b4 Qc8
28. Nc5 Bf8 29. Nb3 Qd8 30. Na5 Rxa5 31. bxa5 Qxa5 32. Rb1 c5 33. dxc5 Bxc5+
34. Bd4 Qa7 35. Qd3 Re7 36. Bxc5 Qxc5+ 37. Qd4 Qxd4+ 38. cxd4 Ng7 39. Rb3 Ra7
40. Rd2 Nf5 41. Rdd3 Ra4 42. Rxa3 Rc4 43. Rd2 Kf7 44. Ra7+ Kg6 45. a4 Rc1+ 46.
Kf2 Ra1 47. a5 Ne3 48. a6 Nc4 49. Rc2 Kf6 50. Re2 h5 51. Ra8 Ra3 52. a7 Kg7 53.
Rxe6 Ra2+ 54. Re2 Ra6 55. Re7+ Kf6 56. Rf8+ Kxe7 57. a8=Q Rxa8 58. Rxa8 h4 59.
g3 hxg3+ 60. hxg3 fxg3+ 61. Kxg3 Ne3 62. Ra4 Kf6 63. Kf2 Nf5 64. Ke2 Nh4 65.
Ra6+ Ke7 66. Ra3 Nf5 67. Rd3 Ng3+ 68. Kf2 Nf5 69. Kg2 Kf6 70. Kh3 Nh6 71. Kg3
Ke6 72. f4 gxf4+ 73. Kxf4 Nf5 74. Rd2 Nd6 75. Ra2 Ne4 76. Ra6+ Kf7 77. Ke5 Nc3
78. Rc6 Na2 79. Rb6 Nc3 80. Rc6 Na2 81. Rc7+ Ke8 82. Rc5 Nb4 83. Rb5 Nc6+ 84.
Kxd5 Ne7+ 85. Ke6 Nc6 86. Kd5 Ne7+ 87. Kc5 Kd7 88. d5 Nc8 89. Rb1 Nd6 90. Rh1
Ne4+ 91. Kd4 Nf6 92. Rh6 Ne8 93. Kc5 Ke7 94. Rh7+ Kd8 95. Rh8 Kd7 96. Rxe8 Kxe8
97. Kd6 1-0

[Event "Quebec op U2000"]
[Site "Longueuil CAN"]
[Date "2019.07.25"]
[Round "7.13"]
[White "Gao, Shiqi"]
[Black "Blanchet, Robert"]
[Result "1-0"]
[WhiteElo "1754"]
[BlackElo "1863"]
[PlyCount "59"]
[EventDate "2019.07.20"]
[EventType "swiss"]
[EventRounds "9"]
[EventCountry "CAN"]

1. e4 c5 2. Nf3 d6 3. d4 cxd4 4. Nxd4 Nf6 5. Nc3 a6 6. Be2 e6 7. Be3 Qc7 8. Qd2
Be7 9. f4 Nc6 10. O-O-O O-O 11. Rhg1 Nxd4 12. Bxd4 e5 13. Be3 b5 14. g4 b4 15.
Nd5 Nxd5 16. exd5 exf4 17. Bxf4 Bf6 18. g5 Bc3 19. bxc3 bxc3 20. Qd4 Rb8 21.
Rd3 Rb1+ 22. Kxb1 Qb7+ 23. Kc1 Qb2+ 24. Kd1 Bf5 25. Rxc3 Bxc2+ 26. Ke1 Bf5 27.
Kf2 Qxa2 28. Bxd6 Rd8 29. Qe5 Bg6 30. Qe7 1-0

[Event "Quebec op U2000"]
[Site "Longueuil CAN"]
[Date "2019.07.25"]
[Round "7.14"]
[White "Duplessis, Claude"]
[Black "Lambert, Pierre"]
[Result "0-1"]
[WhiteElo "1571"]
[BlackElo "1728"]
[PlyCount "80"]
[EventDate "2019.07.20"]
[EventType "swiss"]
[EventRounds "9"]
[EventCountry "CAN"]

1. e4 c5 2. Nc3 Nc6 3. f4 d6 4. Nf3 g6 5. Bc4 e6 6. O-O Bg7 7. d3 Nge7 8. f5 d5
9. Bb3 a6 10. fxe6 Bxe6 11. Ng5 O-O 12. Nxe6 fxe6 13. Bg5 Qd7 14. Qd2 b5 15.
Kh1 Rxf1+ 16. Rxf1 Rf8 17. Rxf8+ Kxf8 18. Bh6 Kg8 19. Bxg7 Kxg7 20. exd5 exd5
21. Ne2 Qd6 22. c3 Ne5 23. d4 Ng4 24. Qf4 Qxf4 25. Nxf4 c4 26. Bc2 Ne3 27. Bb1
Kf6 28. Kg1 Nd1 29. Kf1 Nxb2 30. Ke2 Na4 31. Kd2 Nb6 32. Bc2 a5 33. a3 Nec8 34.
g3 Na7 35. Bd1 Ke7 36. Bg4 Nc6 37. Be6 Kd6 38. Bg8 g5 39. Ne6 b4 40. axb4 axb4
{...} 0-1

[Event "Quebec op U2000"]
[Site "Longueuil CAN"]
[Date "2019.07.25"]
[Round "7.15"]
[White "Bilodeau-Savaria, Sandy-Rose"]
[Black "Van Dusen, Eric"]
[Result "1-0"]
[WhiteElo "1196"]
[BlackElo "1822"]
[PlyCount "65"]
[EventDate "2019.07.20"]
[EventType "swiss"]
[EventRounds "9"]
[EventCountry "CAN"]

1. d4 f5 2. c4 Nf6 3. g3 e6 4. Bg2 d6 5. Nf3 Be7 6. Nc3 O-O 7. O-O a5 8. Re1
Ne4 9. Qc2 Nxc3 10. bxc3 d5 11. cxd5 exd5 12. c4 c6 13. a3 h6 14. Ne5 Nd7 15.
Ng6 Nf6 16. Nxf8 Qxf8 17. cxd5 cxd5 18. Bb2 Bd7 19. f3 Rc8 20. Qd3 Nh7 21. e4
f4 22. exd5 fxg3 23. hxg3 Bd6 24. f4 Bf5 25. Qe3 Nf6 26. Bf3 Kh8 27. Rac1 Re8
28. Qb3 Rb8 29. Re2 b5 30. Qc3 b4 31. axb4 axb4 32. Qc4 b3 33. Re3 {...} 1-0

[Event "Quebec op U2000"]
[Site "Longueuil CAN"]
[Date "2019.07.26"]
[Round "8.1"]
[White "Steinberg, Ellis"]
[Black "Wu, Tony (Dongze)"]
[Result "1/2-1/2"]
[WhiteElo "1745"]
[BlackElo "1858"]
[PlyCount "136"]
[EventDate "2019.07.20"]
[EventType "swiss"]
[EventRounds "9"]
[EventCountry "CAN"]

1. e4 c5 2. Nf3 d6 3. d4 cxd4 4. Nxd4 Nf6 5. Nc3 g6 6. Be3 Bg7 7. f3 Nc6 8. Qd2
O-O 9. Bc4 Bd7 10. Bb3 Na5 11. O-O-O Rb8 12. Bh6 Bxh6 13. Qxh6 b5 14. h4 e5 15.
Nde2 b4 16. Nd5 Nxb3+ 17. axb3 Nxd5 18. Rxd5 Be6 19. Rd2 Qa5 20. Kd1 Qa1+ 21.
Nc1 f6 22. Rxd6 Rbd8 23. Qd2 Qa5 24. Ke1 Rfe8 25. Rxd8 Rxd8 26. Nd3 f5 27. Qxb4
Qxb4+ 28. Nxb4 fxe4 29. Nc6 Re8 30. fxe4 Kg7 31. Kd2 Rf8 32. Ke3 Rc8 33. Nxe5
Rxc2 34. Ra1 Rxb2 35. Rxa7+ Kf6 36. Nd7+ Bxd7 37. Rxd7 Rxb3+ 38. Rd3 Rb7 39.
Kf4 Ke6 40. Rd5 Rb2 41. g3 Rf2+ 42. Ke3 Ra2 43. Rb5 Ra7 44. Rb6+ Ke5 45. Rb5+
Ke6 46. Kf4 h6 47. Rb6+ Kf7 48. Rd6 Ra5 49. Rd5 Ra3 50. Rd7+ Ke6 51. Rh7 h5 52.
Rb7 Kf6 53. Rb6+ Kf7 54. Rd6 Rb3 55. Ra6 Rc3 56. Ra5 Kf6 57. Rd5 Ra3 58. e5+
Ke6 59. Rd6+ Kf7 60. Rd4 Ke6 61. Rd6+ Kf7 62. Rf6+ Kg7 63. Rb6 Kf7 64. Rb4 Ke6
65. Re4 Rb3 66. g4 Rh3 67. Kg5 Rg3 68. Rf4 Kxe5 1/2-1/2

[Event "Quebec op U2000"]
[Site "Longueuil CAN"]
[Date "2019.07.26"]
[Round "8.2"]
[White "Robillard, Jean-Philippe"]
[Black "Zhang, Chu Hang"]
[Result "0-1"]
[WhiteElo "1617"]
[BlackElo "1806"]
[PlyCount "62"]
[EventDate "2019.07.20"]
[EventType "swiss"]
[EventRounds "9"]
[EventCountry "CAN"]

1. d4 Nf6 2. c4 b6 3. f3 Bb7 4. e4 d6 5. Nc3 g6 6. Be3 Nbd7 7. Qd2 e5 8. Nge2
a6 9. O-O-O Qe7 10. Nd5 Nxd5 11. cxd5 Bg7 12. g4 c6 13. dxc6 Bxc6 14. h4 d5 15.
Qc2 Bb7 16. Nc3 dxe4 17. fxe4 exd4 18. Bxd4 O-O 19. Bxg7 Kxg7 20. Kb1 Nf6 21.
Bg2 Nxg4 22. Rh3 Qc5 23. Rf1 Ne3 24. Rxe3 Qxe3 25. h5 Qc5 26. Qb3 b5 27. Nd5
Bxd5 28. exd5 Rac8 29. Qd3 Qc4 30. Qd2 Rfe8 31. Qg5 Qxf1+ 0-1